000 00338 a2200109 4500
001 ART_40752
005 20260410161628.0
008 260409a
245 1 0 _aEl impuesto diferido en la actividad agropecuaria
100 1 _aTorres, Carlos Federico
773 0 _tEnfoques
_gCierre de balance - NÂș 11 (nov. 2016)
_wREV416
999 _c12215
_d12215